Taylor Swift - Paroles A Perfectly Good Heart - Statistiques

Statistiques générales
  • Ce quiz a été pris 9 fois
  • Le résultat moyen est 210 sur 225
Statistiques - réponses
Hint Réponse % Correct
a
100%
all
100%
and
100%
And
100%
be
100%
break
100%
break,
100%
but
100%
do
100%
first
100%
good
100%
heart
100%
How
100%
I
100%
it
100%
It
100%
Bridge It's
100%
love
100%
me
100%
Pré-refrain No
100%
not
100%
on
100%
one
100%
perfectly
100%
the
100%
to
100%
very
100%
wanna
100%
was
100%
way
100%
Refrain Why
100%
would
100%
you
100%
before
86%
don't
86%
get
86%
in
86%
make
86%
now
86%
our
86%
say
86%
should've
86%
take
86%
that
86%
That
86%
what
86%
your
86%
anymore
71%
apart
71%
away
71%
back
71%
believe
71%
by
71%
can't
71%
eyes
71%
fall
71%
Couplet Maybe
71%
read
71%
scar
71%
seen
71%
signs,
71%
tear
71%
unbroken
71%
distance
57%
matter
57%
realized
57%
sense
57%
still
57%
walk
57%
wall
57%
writing
57%
Aucun quiz correspondant
Distribution des résultats
% des personnes avec chaque résultat
Percentile par nombre de réponses
Votre historique - résultats
Vous n’avez pas pris ce quiz